A step of faith #4 / Richard Paul Evans.
Available copies
- 9 of 9 copies available at LARL/NWRL Consortium.
- 3 of 3 copies available at Lake Agassiz Regional Library. (Show preferred library)
Current holds
0 current holds with 9 total copies.
View other formats and editions
Show Only Available Copies
| Location | Call Number / Copy Notes | Barcode | Shelving Location | Status | Due Date |
|---|---|---|---|---|---|
| Detroit Lakes Public Library | EVA (Text) | 33500010974376 | Main | Available | - |
| Fosston Public Library | EVA (Text) | 33500010974418 | Main | Available | - |
| Mahnomen Public Library | EVA (Text) | 33500010991321 | Main | Available | - |
| Godel Memorial-Warren Library | EVA (Text) | 35500005159841 | Main | Available | - |
| Greenbush Public Library | EVA (Text) | 35500005160013 | Main | Available | - |
| Hallock Public Library | EVA (Text) | 35500005159882 | Main | Available | - |
| Karlstad LINK Site | EVA (Text) | 35500005159858 | Main | Available | - |
| Red Lake Falls Public Library | EVA (Text) | 35500005159569 | Main | Available | - |
| Thief River Falls Public Library | EVA (Text) | 35500005161383 | Main | Available | - |
Record details
- ISBN: 9781451628296 (hardcover : alk. paper)
- ISBN: 1451628293 (hardcover : alk. paper)
- ISBN: 9781451628302 (trade pbk. : alk. paper)
- ISBN: 1451628307 (trade pbk. : alk. paper)
- Physical Description: 279 pages 21cm.
- Edition: First Simon & Schuster hardcover edition.
- Publisher: New York : Simon & Schuster, 2013.
Search for related items by subject
| Subject: | Executives > Fiction. Life change events > Fiction. Walking > United States > Fiction. Loss (Psychology) > Fiction. |
Search for related items by series
| LDR | 03156cam a22006258i 4500 | ||
|---|---|---|---|
| 001 | 149754 | ||
| 003 | LARL_NWRL_CONSORTIUM | ||
| 005 | 20130502130341.0 | ||
| 008 | 130326s2013 nyu 000 1 eng | ||
| 010 | . | ‡a2013008142 | |
| 020 | . | ‡a9781451628296 (hardcover : alk. paper) | |
| 020 | . | ‡a1451628293 (hardcover : alk. paper) | |
| 020 | . | ‡z9781451628340 (ebook : alk. paper) | |
| 020 | . | ‡a9781451628302 (trade pbk. : alk. paper) | |
| 020 | . | ‡a1451628307 (trade pbk. : alk. paper) | |
| 035 | . | ‡a(OCoLC)833146086 | |
| 040 | . | ‡aDLC ‡beng ‡erda ‡cDLC ‡dOCLCO ‡dLJW ‡dOCLCO | |
| 042 | . | ‡apcc | |
| 043 | . | ‡an-us--- | |
| 050 | 0 | 0. | ‡aPS3555.V259 ‡bS74 2013 |
| 082 | 0 | 0. | ‡a813/.54 ‡223 |
| 100 | 1 | . | ‡aEvans, Richard Paul. ‡0(LARL_NWRL_CONSORTIUM)117868 |
| 245 | 1 | 2. | ‡aA step of faith ‡n#4 / ‡cRichard Paul Evans. |
| 250 | . | ‡aFirst Simon & Schuster hardcover edition. | |
| 260 | . | ‡aNew York : ‡bSimon & Schuster, ‡c2013. | |
| 300 | . | ‡a279 pages ‡c21cm. | |
| 336 | . | ‡atext ‡2rdacontent | |
| 337 | . | ‡aunmediated ‡2rdamedia | |
| 338 | . | ‡avolume ‡2rdacarrier | |
| 490 | 0 | . | ‡aWalk; ‡v4 |
| 650 | 0. | ‡aExecutives ‡vFiction. ‡0(LARL_NWRL_CONSORTIUM)169308 | |
| 650 | 0. | ‡aLife change events ‡vFiction. ‡0(LARL_NWRL_CONSORTIUM)165934 | |
| 650 | 0. | ‡aWalking ‡zUnited States ‡vFiction. | |
| 650 | 0. | ‡aLoss (Psychology) ‡vFiction. ‡0(LARL_NWRL_CONSORTIUM)165927 | |
| 948 | . | ‡hHELD BY LAL - 151 OTHER HOLDINGS | |
| 994 | . | ‡aZ0 ‡bLAL | |
| 901 | . | ‡a149754 ‡bOCLC ‡c149754 ‡tbiblio | |

Add to basket
Permalink
Disable Highlighting